Gaming Quiz

Random Gaming or War Quiz

Transformers: War for Cybertron characters Quiz Stats

 Plays Quiz not verified by Sporcle

Score 0/43 Timer 18:00
0 Plays Today
Hint Answer % Correct
Autobot LeaderOptimus Prime
97.2%
Autobot ScoutBumblebee
95.8%
Autobot ScientistRatchet
88.7%
Autobot SoldierIronhide
87.7%
Decepticon LeaderMegatron
84%
Formerly Neutral, Decepticon SoldierStarscream
79.7%
Decepticon ScientistSoundwave
78.3%
Autobot ScoutJazz
77.8%
Autobot ScientistJetfire
76.4%
Autobot SoldierSideswipe
75%
Decepticon ScientistShockwave
75%
Formerly Neutral, Decepticon ScientistThundercracker
73.1%
Autobot ScoutAir Raid
70.8%
Formerly Neutral, Decepticon ScoutSkywarp
70.8%
Autobot SoldierWarpath
70.3%
Autobot TitanOmega Supreme
68.9%
Decepticon SoldierBrawl
68.9%
Autobot ScoutSilverbolt
65.1%
Autobot ScoutArcee
65.1%
Decepticon ScoutBarricade
65.1%
Autobot ScoutCliffjumper
64.6%
Decepticon Mini-ConRumble
60.4%
Hint Answer % Correct
Decepticon TitanTrypticon
59.4%
Decepticon Mini-ConFrenzy
59.4%
Decepticon Mini-ConLaserbeak
59%
Autobot SoldierGrimlock
57.5%
Decepticon ScoutBreakdown
55.7%
Autobot ScoutSwoop
48.1%
Autobot SoldierUltra Magnus
47.6%
Decepticon SoldierOnslaught
45.8%
Decepticon ScoutSlipstream
41%
Autobot SoldierScattershot
39.6%
Decepticon ScoutDead End
36.8%
Former Autobot LeaderSentinel Zeta Prime
34%
Autobot ScoutBluestreak
30.3%
Decepticon SoldierMotormaster
30.2%
Decepticon ScoutDrag Strip
29.7%
Autobot ScoutHot Shot
27.4%
Autobot SoldierKup
24.5%
Decepticon ScoutRamjet
24.1%
Decepticon ScoutDirge
23.6%
Decepticon ScientistCyclonus
19.8%
Decepticon SoldierDemolishor
17.9%

You're not logged in!

Compare scores with friends on all Sporcle quizzes.
OR
Log In

Show Comments

Extras

Created Apr 10, 2014ReportNominate
Tags:War Quiz, character, transformer

Top Quizzes Today


Score Distribution

Your Account Isn't Verified!

In order to create a playlist on Sporcle, you need to verify the email address you used during registration. Go to your Sporcle Settings to finish the process.

Report this User

Report this user for behavior that violates our Community Guidelines.

Details: